000 01508nam2a2200265 4500
001 RU\NLR\bibl\1869892
005 20250616185955.0
021 _aRU
_b2012-4466
_9324
035 _a(NLR Aleph) 001859743
090 _a2514991
_c2514991
100 _a20120215d2010 |||y0rusy50 ca
101 0 _arus
102 _aRU
105 _ay |||||||||
200 0 _a... N 17
_fМ-во внутр. дел Рос. Федерации, Департамент обеспечения обществ. порядка, Федер. гос. учреждение "Всерос. НИИ"
_g[редкол.: Г.И. Калмыков (отв. ред.) и др.]
210 _d2010
_aБ. м.
215 _a195, [2] с.
320 _aБиблиогр. в подстроч. примеч.
461 0 _1001RU\NLR\bibl\186444
_12001#$aВопросы совершенствования деятельности милиции общественной безопасности$vN 17
_91056847
_cМ.
_d2001
_fМ-во внутр. дел Рос. Федерации, Гл. упр. обеспечения обществ. порядка, Гос. учреждение "Всерос. НИИ"
_nВНИИ МВД России
_oСборник
_tВопросы совершенствования деятельности милиции общественной безопасности
_vN 17
702 1 _aКалмыков
_bГ. И.
_4340
801 0 _aRU
_bNLR
_c20120215
_gRCR
801 1 _aRU
_bNLR
_c20120215
942 _cBOOK
980 _aNB